header

Animacy and reference (Record no. 2706)

MARC details
000 -LEADER
fixed length control field 02364nam a2200373 a 4500
082 04 - DEWEY DECIMAL CLASSIFICATION NUMBER
Classification number 415
100 1# - MAIN ENTRY--AUTHOR NAME
Personal name Yamamoto, Mutsumi,
245 10 - TITLE STATEMENT
Title Animacy and reference
260 ## - PUBLICATION, DISTRIBUTION, ETC. (IMPRINT)
Place of publication Amsterdam ;
-- Philadelphia :
Name of publisher J. Benjamins Pub.,
Year of publication c1999.
300 ## - PHYSICAL DESCRIPTION
Number of Pages xvi, 278 p.
490 1# - SERIES STATEMENT
Series statement Studies in language companion series,
650 #0 - SUBJECT ADDED ENTRY--TOPICAL TERM
Topical Term Grammar, Comparative and general
Topical Term Reference (Linguistics)
Topical Term English language
Topical Term Japanese language
Topical Term English language
Topical Term Japanese language
856 40 - ELECTRONIC LOCATION AND ACCESS
Uniform Resource Identifier http://site.ebrary.com/lib/rucke/Doc?id=5000222

No items available.

© 2026 Rongo University
Contact us: librarian | system librarian | Rongo university